| 000 | 00568nam a22001817a 4500 | ||
|---|---|---|---|
| 003 | OSt | ||
| 005 | 20260317072453.0 | ||
| 008 | 260317b |||||||| |||| 00| 0 eng d | ||
| 010 | _a90033100 | ||
| 020 | _a0394559517 | ||
| 040 | _cRANDOM HOUSE | ||
| 050 |
_aPS 3552 .R214 .W65 1990 _b.W65 1990 |
||
| 245 |
_aTHE WOMAN IN HIS LIFE/ _cBRADFORD, BARBARA TAYLOR |
||
| 250 | _a1ST EDITION | ||
| 260 |
_aNEWYORK: _bRANDOM HOUSE, _c1990 |
||
| 300 |
_a512 pages, _bhardcover, includes bibliographic references and index, _cill. : som col, 24.2 cm |
||
| 942 |
_2lcc _cBK _e1ST ED. _n0 |
||
| 999 |
_c9985 _d9985 |
||